00414nam a2200181Ia 4500003000400000005001700004008004100021020001400062040000700076041000800083082001500091100002200106245003000128250000600158260004100164300001400205365001300219OSt20230330103225.0210423s2008 xx 000 0 und d a415428025 cAL aeng a659.2 THEA aTHEAKER (Alison). aPublic relation handbook. a3 aLondonbRoutledge & Kegan Paulc2008 ax,418bPB b795cINR